Songs from the First Line(s) - 2017 - Statistics

General Stats
  • This quiz has been taken 233 times
  • The average score is 11 of 30
Answer Stats
Hint Answer % Correct
Songs I found a love for me / Darling, just dive right in and follow my lead / Well, I found a girl, beautiful and sweet Artist(s) Ed Sheeran
88%
Songs I found a love for me / Darling, just dive right in and follow my lead / Well, I found a girl, beautiful and sweet Song Perfect
80%
Songs I've been reading books of old / The legends and the myths / Achilles and his gold / Hercules and his gifts Artist(s) The Chainsmokers / Coldplay
63%
Songs Coming over in my direction / So thankful for that, it's such a blessin', yeah / Turn every situation into Heaven, yeah Song Despacito (Remix)
62%
Songs I've been reading books of old / The legends and the myths / Achilles and his gold / Hercules and his gifts Song Something Just Like This
62%
Songs Coming over in my direction / So thankful for that, it's such a blessin', yeah / Turn every situation into Heaven, yeah Artist(s) Luis Fonsi / Daddy Yankee / Justin Bieber
60%
Songs I've been hearing symphonies / Before all I heard was silence / A rhapsody for you and me Song Symphony
55%
Songs You've been runnin' 'round, runnin' 'round, runnin' 'round throwin' that dirt all on my name Artist(s) Charlie Puth
50%
Songs Just a young gun with a quick fuse / I was uptight, wanna let loose / I was dreaming of bigger things Artist(s) Imagine Dragons
50%
Songs Just a young gun with a quick fuse / I was uptight, wanna let loose / I was dreaming of bigger things Song Thunder
48%
Songs You've been runnin' 'round, runnin' 'round, runnin' 'round throwin' that dirt all on my name Song Attention
47%
Songs I've been hearing symphonies / Before all I heard was silence / A rhapsody for you and me Artist(s) Clean Bandit / Zara Larsson
45%
Songs He didn't walk up with that "how you doin'?" / (When he came in the room) / He said there's a lot of girls I can do with Artist(s) Camila Cabello / Young Thug
39%
Songs He didn't walk up with that "how you doin'?" / (When he came in the room) / He said there's a lot of girls I can do with Song Havana
34%
Songs Can't keep my hands to myself / Think I'll dust 'em off, put 'em back up on the shelf / In case my little baby girl is in need Artist(s) Portugal. The Man
34%
Songs Nobody pray for me, it been that day for me, way (yeah, yeah!) / Aye, I remember syrup sandwiches and crime allowances Song HUMBLE.
31%
Songs Nobody pray for me, it been that day for me, way (yeah, yeah!) / Aye, I remember syrup sandwiches and crime allowances Artist(s) Kendrick Lamar
31%
Songs Can't keep my hands to myself / Think I'll dust 'em off, put 'em back up on the shelf / In case my little baby girl is in need Song Feel It Still
29%
Songs I'm jealous, I'm overzealous / When I'm down, I get real down / When I'm high, I don't come down Song Issues
28%
Songs Two plus two is four, minus one that's three, quick maths / Everyday man's on the block, smoke trees Song Man's Not Hot
24%
Songs Two plus two is four, minus one that's three, quick maths / Everyday man's on the block, smoke trees Artist(s) Big Shaq
23%
Songs Si el ritmo te lleva a mover la cabeza / Y empezamos como ves? / Mi música no discrimina a nadie Artist(s) J Balvin / Willy William / Beyoncé
22%
Songs Waiting for the time to pass you by / Hope the winds of change will change your mind / I could give a thousand reasons why Song Stay
22%
Songs Waiting for the time to pass you by / Hope the winds of change will change your mind / I could give a thousand reasons why Artist(s) Zedd / Alessia Cara
22%
Songs Are we crazy? / Living our lives through a lens / Trapped in our white picket fence Artist(s) Katy Perry / Skip Marley
19%
Songs I'm jealous, I'm overzealous / When I'm down, I get real down / When I'm high, I don't come down Artist(s) Julia Michaels
17%
Songs Baby, lay on back and relax / Kick your pretty feet up on my dash / No need to go nowhere fast, let's enjoy right here where we at Song Meant To Be
17%
Songs Baby, lay on back and relax / Kick your pretty feet up on my dash / No need to go nowhere fast, let's enjoy right here where we at Artist(s) Bebe Rexha / Florida Georgia Line
16%
Songs Are we crazy? / Living our lives through a lens / Trapped in our white picket fence Song Chained To The Rhythm
14%
Songs Si el ritmo te lleva a mover la cabeza / Y empezamos como ves? / Mi música no discrimina a nadie Song Mi Gente
13%
No matching quizzes found
Score Distribution
Percent of People with Each Score
Percentile by Number Answered
Your Score History
You have not taken this quiz